Instituciones canónicas con arreglo al novísimo Código de Pío X promulgado por Benedicto XV y a las prescripciones de la disciplina española / (Record no. 63516)

MARC details
000 -LEADER
campo de control de longitud fija 00841nam a2200181 i 4500
001 - NÚMERO DE CONTROL
campo de control 63516
003 - IDENTIFICADOR DE NÚMERO DE CONTROL
campo de control ES-MaACL
005 - FECHA Y HORA DE LA ÚLTIMA TRANSACCIÓN
campo de control 20250820062233.0
007 - CAMPO FIJO DE DESCRIPCIÓN FÍSICA--INFORMACIÓN GENERAL
campo de control de longitud fija t|
008 - DATOS DE LONGITUD FIJA--INFORMACIÓN GENERAL
campo de control de longitud fija 031211s1917 sp ||||1| spa d
100 0# - ENTRADA PRINCIPAL--NOMBRE DE PERSONA
Nombre de persona Juan Bautista Ferreres,
Títulos y otros términos asociados al nombre Beato,
Fechas asociadas al nombre 1881-1936
9 (RLIN) 50536
245 10 - MENCIÓN DEL TÍTULO
Título Instituciones canónicas con arreglo al novísimo Código de Pío X promulgado por Benedicto XV y a las prescripciones de la disciplina española /
Mención de responsabilidad, etc. por el P. Juan B. Ferreres, S.J.
260 ## - PUBLICACIÓN, DISTRIBUCIÓN, ETC.
Lugar de publicación, distribución, etc. Barcelona :
Nombre del editor, distribuidor, etc. Eugenio Subirana,
Fecha de publicación, distribución, etc. 1917.
300 ## - DESCRIPCIÓN FÍSICA
Extensión 2 v. (422, 435 p.) ;
Dimensiones 22 cm.
500 ## - NOTA GENERAL
Nota general Título del v. 2: Instituciones canónicas con arreglo al novísimo Código de PÍo X promulgado por Benedicto XV y a las prescripciones de la disciplina española y de América Latina.
852 ## - LOCALIZACIÓN
Ubicación ES-MaACL
Número de control de estantería A-618-19
Holdings
Estatus retirado Estado de pérdida Estado de daño No para préstamo Biblioteca de origen Biblioteca actual Ubicación en estantería Fecha de adquisición Fuente de adquisición Total de préstamos Signatura topográfica completa Código de barras Visto por última vez Precio de reemplazo Tipo de ítem Koha
        Biblioteca del Ateneo de Madrid Biblioteca del Ateneo de Madrid Sala Pecera Planta 1 17/01/2008     A-618-19 1066574 23/02/2023 23/02/2023 Libro impreso